000 00626nam a2200229Ia 4500
005 20260429112312.0
008 260429s9999||||xx |||||||||||||| ||und||
020 _a9789354667435
041 _aEnglish
082 _a620.5
_bDAS
100 _aDas, Asim K.
245 0 _aIntroduction to nanomaterials and nanoscience /
_cAsim K. Das
250 _a2nd ed.
260 _aNew Delhi :
_bCBS Publishers and Distributors Pvt. Ltd.,
_c2025.
300 _axiii, 384 p.; pbk
650 _a Nanoscience
650 _aNanomaterials
700 _a Das, Ankita
700 _a Das, Mahua
700 _a Das, Udita
942 _cTB
999 _c53387
_d53387